Chris Hemsworth Movies Quiz Stats

 Plays Quiz Updated Apr 23, 2019

Score 0/22 Timer 02:00
2 Plays Today
Year Movie % Correct
2011Thor
98.7%
2012The Avengers
93.3%
2019Avengers: Endgame
90.4%
2018Avengers: Infinity War
88.3%
2013Thor: The Dark World
87%
2017Thor: Ragnarok
83.9%
2009Star Trek
67%
2015Avengers: Age of Ultron
54.2%
2016Ghostbusters
49.5%
2013Star Trek Into Darkness
49.4%
2013Rush
45.6%
Year Movie % Correct
2011The Cabin in the Woods
36.5%
2012Snow White and the Huntsman
27.1%
2012Red Dawn
26.3%
2015Vacation
20.6%
2018Bad Times at the El Royale
20.4%
2015Blackhat
16.8%
2016The Huntsman: Winter's War
15%
201812 Strong
14.8%
2015In the Heart of the Sea
11.7%
2009A Perfect Getaway
10.3%
2010Cash
9.5%

You're not logged in!

Compare scores with friends on all Sporcle quizzes.
OR
Log In

You Might Also Like...

Show Comments

Extras

Top Quizzes Today


Score Distribution

Your Account Isn't Verified!

In order to create a playlist on Sporcle, you need to verify the email address you used during registration. Go to your Sporcle Settings to finish the process.

Report this User

Report this user for behavior that violates our Community Guidelines.

Details: